[Event "Ruhrgebiet Verbandsliga Gruppe 2 1415"]
[Site "Germany"]
[Date "2015.04.26"]
[Round "9.4"]
[White "Mazarov, Paul"]
[Black "Andersen, Knut"]
[Result "0-1"]
[WhiteElo "1656"]
[BlackElo "2018"]
[PlyCount "118"]
[EventDate "2014.09.21"]
[EventType "team-tourn"]
[EventRounds "9"]
[EventCountry "GER"]
[SourceTitle "EXT 2022"]
[Source "ChessBase"]
[SourceDate "2021.10.06"]
[SourceVersion "1"]
[SourceVersionDate "2021.10.06"]
[SourceQuality "1"]
[WhiteTeam "Bochum SG III"]
[BlackTeam "Buer SF"]
[WhiteTeamCountry "GER"]
[BlackTeamCountry "GER"]

1. e4 c5 2. Nf3 Nc6 3. Bb5 g6 4. 0-0 Bg7 5. c3 Nf6 6. e5 Nd5 7. d4 cxd4 8. cxd4 0-0 9. Nc3 Nxc3 10. bxc3 d6 11. exd6 Qxd6 12. a4 Bg4 13. Ba3 Qf6 14. Re1 Bxf3 15. Qxf3 Qxf3 16. gxf3 Rfc8 17. Rac1 e6 18. Kg2 Bh6 19. Rcd1 a6 20. Bf1 Na5 21. Rb1 Nc4 22. Bxc4 Rxc4 23. Rxb7 Rxa4 24. Bc1 Bg7 25. Be3 Rc4 26. Rb3 a5 27. Reb1 Rcc8 28. Ra1 Bf8 29. Ra4 Kg7 30. Bd2 Rd8 31. Rb5 Rd5 32. Rb7 Kf6 33. Be3 Rdd8 34. Rb5 Rd5 35. Rb7 Rh5 36. Bf4 Rf5 37. Be5+ Kg5 38. Rb5 f6 39. f4+ Kh6 40. Raxa5 Rxa5 41. Rxa5 fxe5 42. fxe5 Rf7 43. Ra6 Rc7 44. Rxe6 Rxc3 45. d5 Bc5 46. d6 Rc2 47. Rf6 Kg7 48. Rf3 Rd2 49. Kf1 Rd5 50. Rc3 Rxe5 51. d7 Be7 52. Rd3 Bd8 53. f4 Re4 54. Rf3 Rd4 55. f5 g5 56. Kg2 Rxd7 57. Kh3 Kf6 58. Kg4 Rd4+ 59. Kh3 g4+ 0-1

[Event "Oberhausen op"]
[Site "Oberhausen"]
[Date "2011.04.21"]
[Round "1"]
[White "Mazarov, Paul"]
[Black "Coenen, Michael"]
[Result "0-1"]
[WhiteElo "1785"]
[BlackElo "2334"]
[PlyCount "54"]
[EventDate "2011.04.21"]
[EventType "swiss"]
[EventRounds "7"]
[EventCountry "GER"]
[SourceTitle "CBM 142 Extra"]
[Source "ChessBase"]
[SourceDate "2011.06.27"]
[SourceVersion "1"]
[SourceVersionDate "2011.06.27"]
[SourceQuality "1"]

1. e4 c5 2. Nf3 d6 3. d4 cxd4 4. Nxd4 Nf6 5. Nc3 a6 6. f3 e5 7. Nb3 Be6 8. Be3 Nbd7 9. Qd2 b5 10. g4 Nb6 11. 0-0-0 Nc4 12. Qf2 Nxe3 13. Qxe3 Be7 14. h4 0-0 15. Qf2 b4 16. Nd5 Bxd5 17. exd5 a5 18. h5 a4 19. Na1 Ra5 20. g5 Nxd5 21. g6 a3 22. gxf7+ Kh8 23. Nb3 axb2+ 24. Kxb2 Rxa2+ 25. Kc1 Bg5+ 26. Rd2 Qa8 27. Kd1 Nc3+ 0-1

[Event "Karl Mala Memorial op 12th"]
[Site "Frankfurt"]
[Date "2009.07.18"]
[Round "5"]
[White "Mazarov, Paul"]
[Black "Konik, Michael"]
[Result "0-1"]
[WhiteElo "1790"]
[BlackElo "2117"]
[PlyCount "132"]
[EventDate "2009.07.16"]
[EventType "swiss"]
[EventRounds "7"]
[EventCountry "GER"]
[SourceTitle "EXT 2010"]
[Source "ChessBase"]
[SourceDate "2010.11.25"]
[SourceVersion "1"]
[SourceVersionDate "2010.11.25"]
[SourceQuality "1"]

1. e4 d5 2. exd5 Qxd5 3. d4 Nf6 4. Nc3 Qd6 5. Nf3 c6 6. Be3 Bg4 7. Be2 e6 8. h3 Bh5 9. Qd2 h6 10. Bf4 Qd8 11. g4 Bg6 12. Ne5 Bh7 13. h4 Bb4 14. f3 Nd5 15. g5 Qa5 16. Nc4 Qd8 17. a3 Be7 18. Nxd5 exd5 19. Ne5 Bf5 20. 0-0-0 h5 21. g6 fxg6 22. Rdg1 Nd7 23. Nxg6 Bxg6 24. Rxg6 Bf6 25. Bg5 Qe7 26. Bxf6 gxf6 27. Rhg1 0-0-0 28. Rg7 Qe6 29. f4 Rde8 30. Bd3 Rhg8 31. Rxg8 Rxg8 32. Rxg8+ Qxg8 33. Qf2 Qe8 34. Kd2 Nb6 35. b3 Kc7 36. Qg3 Nd7 37. Qg6 Qe7 38. Qxh5 Qxa3 39. Qf7 Qd6 40. Ke3 c5 41. dxc5 Qxc5+ 42. Kf3 Qg1 43. Qg6 Qh1+ 44. Kg4 Qg2+ 45. Kh5 Qf3+ 46. Qg4 Qe3 47. Bf5 Qe8+ 48. Qg6 Qh8+ 49. Qh7 Qxh7+ 50. Bxh7 a5 51. Bf5 d4 52. Kg6 b5 53. Kg7 Kd6 54. c4 a4 55. cxb5 a3 56. h5 a2 57. h6 a1Q 58. h7 Qg1+ 59. Bg6 Qxg6+ 60. Kxg6 Nf8+ 61. Kxf6 Nxh7+ 62. Kg7 d3 63. f5 d2 64. Kxh7 d1Q 65. Kg6 Ke5 66. f6 Qd6 0-1

[Event "Goch op 18th"]
[Site "Goch"]
[Date "2007.10.07"]
[Round "6"]
[White "Coenen, Siegfried"]
[Black "Mazarov, Paul"]
[Result "1-0"]
[WhiteElo "2009"]
[BlackElo "1748"]
[PlyCount "42"]
[EventDate "2007.10.04"]
[EventType "swiss"]
[EventRounds "7"]
[EventCountry "GER"]
[SourceTitle "EXT 2011"]
[Source "ChessBase"]
[SourceDate "2010.11.26"]
[SourceVersion "1"]
[SourceVersionDate "2010.11.26"]
[SourceQuality "1"]

1. e4 e5 2. Nc3 Nf6 3. f4 d5 4. fxe5 Nxe4 5. d3 Qh4+ 6. g3 Nxg3 7. Nf3 Qh5 8. Nxd5 Nxh1 9. Nxc7+ Kd8 10. Nxa8 Be7 11. Bg2 Bh4+ 12. Kf1 Nf2 13. Qe1 Nxd3 14. Qa5+ b6 15. Qd5+ Bd7 16. Qxd3 Be7 17. Bf4 Qf5 18. Qxf5 Bxf5 19. Rd1+ Kc8 20. Nd4 Rd8 21. Rd2 Bc5 1-0

[Event "Werther Schloss op-B 11th"]
[Site "Werther"]
[Date "2005.03.18"]
[Round "1"]
[White "Mazarov, Paul"]
[Black "Altenbernd, Dirk"]
[Result "1/2-1/2"]
[WhiteElo "1646"]
[BlackElo "1803"]
[PlyCount "58"]
[EventDate "2005.03.18"]
[EventType "swiss"]
[EventRounds "5"]
[EventCountry "GER"]
[SourceTitle "EXT 2006"]
[Source "ChessBase"]
[SourceDate "2005.11.24"]
[SourceVersion "1"]
[SourceVersionDate "2005.11.24"]
[SourceQuality "1"]

1. e4 g6 2. Nf3 Bg7 3. d4 c6 4. Nc3 d5 5. exd5 cxd5 6. Bf4 a6 7. Qd2 Nc6 8. h3 h5 9. Be2 Bf5 10. a3 Nf6 11. Ne5 Ne4 12. Nxe4 dxe4 13. Nxc6 bxc6 14. c3 Qd5 15. 0-0 e5 16. dxe5 Qxd2 17. Bxd2 Bxe5 18. Rfe1 0-0 19. Rac1 a5 20. f4 Bf6 21. g4 hxg4 22. Bxg4 Rfd8 23. Be3 Rd3 24. Re2 a4 25. Bxf5 gxf5 26. Rg2+ Kh7 27. Re1 Re8 28. Kh2 Rg8 29. Rxg8 Kxg8 1/2-1/2